|
|
|
|
| LEADER |
01228cam a2200277 a 4500 |
| 001 |
1034922 |
| 008 |
110725s1994 nyuaf bd 000 0 eng |
| 010 |
|
|
|a 89003785
|
| 020 |
|
|
|a 0517118645
|
| 020 |
|
|
|a 051768781X :
|c $79.95
|
| 040 |
|
|
|a DLC
|c DLC
|d DLC
|d BD-DhAAL
|
| 082 |
0 |
0 |
|a 423
|2 19
|
| 999 |
|
|
|c 11143
|d 11143
|
| 999 |
|
|
|c 11143
|
| 245 |
0 |
0 |
|a Webster's encyclopedic unabridged dictionary of the English language.
|
| 260 |
|
|
|a New York :
|b Gramercy Books ;
|a New Jersey :
|b Distributed by Outlet Book Co.,
|c 1989.
|
| 300 |
|
|
|a 1854 p., [32] p. of plates :
|b ill. (some col.), maps ;
|c 29 cm.
|
| 500 |
|
|
|a "The dictionary entries are based on the first edition of the Random House dictionary of the English language."
|
| 504 |
|
|
|a Includes bibliographical references (p. 1705-1711).
|
| 541 |
|
|
|e 00005461
|
| 650 |
|
0 |
|a English language
|x Dictionaries.
|9 1542
|
| 730 |
0 |
|
|a Random House dictionary of the English language.
|9 1543
|
| 740 |
0 |
|
|a Webster's encyclopedic unabridged dictionary of the English language.
|
| 852 |
1 |
|
|a Ayesha Abed Library
|c Reference Shelf.
|
| 942 |
|
|
|2 ddc
|c BK
|
| 952 |
|
|
|0 0
|1 0
|2 ddc
|4 0
|6 423_WEB
|7 0
|9 17614
|a BRACUL
|b BRACUL
|c REF
|d 2011-07-25
|g 2000.00
|l 0
|o 423 WEB
|p 3010005461
|r 2011-07-25
|t 1
|w 2011-07-25
|y BK
|